=LDR 00000nam 2200000 4500 =001 INLIS000000000025646 =005 20130612124135 =008 ***********************************Ind** =035 ##$$0010-061300000025646 =041 ##$$a Ind =082 ##$$a 320.5 =090 ##$$a 320.5, Suk p =100 ##$$a Sukaryo, Hadi =245 ##$$a Pintar PPKn, Pendidikan Pancasila dan Kewarganegaraan untuk SD kelas 3, 4, 5 dan 6, Hadi Sukaryo =260 ##$$a 1996 $b Solo =300 ##$$a 184 hlm, 20 cm =650 ##$$a PPKn =850 ##$$a NBPNMAT